Platero y yo / (Registro nro. 9107)

Detalles MARC
000 -LIDER
fixed length control field 00667nam a22002417a 4500
001 - NÚMERO DE CONTROL
Identificador de número de control 00260
003 - IDENTIFICACDOR DE NÚMERO DE CONTROL
control field DO-SdBNP
005 - DATE AND TIME OF LATEST TRANSACTION
control field 20180201141549.0
008 - ELEMENTOS DE LONGITUD FIJA
fixed length control field 151214b 1989 ec xxu||||| |||| 00| 0 spa d
020 ## - ISBN
International Standard Book Number 9978800212
040 ## - FUENTE DE CATALOGACIÓN
Agencia que crea de manera original el registro BPMSU
Idioma de catalogación spa
Agencia que realiza la transcripción BPMSU
092 ## - LOCALLY ASSIGNED DEWEY DECIMAL CALL NUMBER
Número de clasificación xxxxx
Número de ítem (Cutter) xxxxx
100 ## - ASIENTO PRINCIPAL -- NOMBRE PERSONAL
Nombre personal Jiménez, Juan Ramón
245 10 - MENCIÓN DE TITULO
Título Platero y yo /
Mención de responsabilidad Juan Ramón Jiménez
260 ## - PUBLICACIÓN, DISTRIBUCIÓN, ETC. (PIE DE IMPRENTA)
Lugar de publicación, distribución, etc Quito, Ecuador :
Nombre del editor, distribuidor, etc. Libresa,
Fecha de publicación, distribución, etc 1989.
300 ## - DESCRIPCIÓN FÍSICA
Extensión 70 p. :
Otros detalles físicos il. ;
Dimensiones 21 cm.
490 1# - MENCIÓN DE SERIES
Mención de serie Clásico de siempre
Volume/sequential designation ; 12
830 ## - ASIENTO SECUNDARIO DE SERIE--TÍTULO UNIFORME
Título uniforme Clásico de siempre
Número de la parte o sección de una obra ; 12
910 ## - VALIDACIÓN
Validación 00260
942 ## - ADDED ENTRY ELEMENTS (KOHA)
Source of classification or shelving scheme Dewey Decimal Classification
Koha item type Libros
945 ## - INFORMACIÓN DE PROCESAMIENTO LOCAL
Información de procesamiento local Inventariado, 2018/ YL
956 ## - LOCAL ELECTRONIC LOCATION AND ACCESS (OCLC)
Nombre de host Lorenza Pérez
Número de acceso 10
Información de compresión BPMSU
Existencias
Withdrawn status Lost status Source of classification or shelving scheme Damaged status Not for loan Collection code Home library Current library Date acquired Source of acquisition Total Checkouts Barcode Date last seen Price effective from Koha item type
    Dewey Decimal Classification     Colección Juvenil General Biblioteca Pública Metropolitana Salomé Ureña Biblioteca Pública Metropolitana Salomé Ureña 12/14/2015 Donación   BPMSU15120146 12/14/2015 12/14/2015 Libros